000 00381nam a2200145Ia 4500
008 230917s9999||||xx |||||||||||||| ||und||
040 _e124309
_aMAIN
041 _aEnglish
082 _a363.7 S38E
100 _aShrivastava, A K
245 0 _aEnvironment concerns and strategies
260 _aNew Delhi
_bA P H Publishing Corporation
_c2007
300 _a277p. p.
942 _cBK
999 _c144491
_d144491